Development of an algorithm for face detection / tracking in sequence of images / videos (Record no. 322699)
[ view plain ]
| 000 -LEADER | |
|---|---|
| fixed length control field | 00425 a2200133 4500 |
| 001 - CONTROL NUMBER | |
| control field | 87626 |
| 082 ## - DEWEY DECIMAL CLASSIFICATION NUMBER | |
| Classification number | PR 07 |
| 090 ## - LOCALLY ASSIGNED LC-TYPE CALL NUMBER (OCLC); LOCAL CALL NUMBER (RLIN) | |
| -- | 41079 |
| -- | 41079 |
| 100 ## - MAIN ENTRY--PERSONAL NAME | |
| Personal name | Ayesha Munir, Plt Off 15213 69 (B) EC |
| 245 ## - TITLE STATEMENT | |
| Title | Development of an algorithm for face detection / tracking in sequence of images / videos |
| 260 ## - PUBLICATION, DISTRIBUTION, ETC. | |
| Place of publication, distribution, etc. | Risalpur |
| Name of publisher, distributor, etc. | CAE PAF Academy Risalpur |
| Date of publication, distribution, etc. | 2010 |
| 300 ## - PHYSICAL DESCRIPTION | |
| Extent | ix, 49p. |
| Accompanying material | Israr Hussain Wg Cdr |
| 500 ## - GENERAL NOTE | |
| General note | BE Project Reports |
| 942 ## - ADDED ENTRY ELEMENTS (KOHA) | |
| Institution code [OBSOLETE] | CAE NUST |
| Call number prefix | PR 07 |
| Withdrawn status | Lost status | Damaged status | Not for loan | Collection code | Permanent Location | Current Location | Date acquired | Total Checkouts | Full call number | Barcode | Date last seen | Price effective from | Koha item type |
|---|---|---|---|---|---|---|---|---|---|---|---|---|---|
| College of Aeronautical Engineering (CAE) | College of Aeronautical Engineering (CAE) | 04/03/2017 | PR 07 | CAEPR-07 | 04/05/2017 | 04/05/2017 | Book |
